Estatísticas para Maiores Países por Área

Clique aqui para jogar o quiz

Estatísticas Gerais

  • Esse quiz foi jogado 15 891 vezes
  • A pontuação média é 15 de 20

Estatísticas das Respostas

ÁreaPaís% Correto
17,098,242Rússia
100%
9,640,821China
99%
9,526,468Estados Unidos
99%
8,514,877Brasil
99%
9,984,670Canadá
98%
7,692,024Austrália
94%
3,287,590Índia
93%
2,780,400Argentina
89%
1,964,375México
87%
1,564,110Mongólia
75%
2,724,900Cazaquistão
71%
2,149,690Arábia Saudita
69%
2,381,741Argélia
67%
2,344,858República Democrática
do Congo
66%
1,648,195Irão
62%
1,904,569Indonésia
58%
1,886,068Sudão
57%
1,759,540Líbia
53%
1,285,216Peru
50%
1,284,000Chade
40%

Distribuição das Pontuações

Percentil de Números Respondidos

Porcentagem de Pessoas com Cada Pontuação

Sua Pontuação Histórica

Você não jogou esse quiz